000 01752ngm a22004210a 4500
001 PT13523
003 AR-LpoUNG
005 20210202000329.0
007 vd cvaizq
008 191001s1998||||ag |||||||||||||||||spa d
020 _a9504359264 (o.c.)
040 _aAR-LpoUNG
_bspa
_cAR-LpoUNG
_eaacr
041 _aspa
044 _aag
082 0 _a982 632v8
100 1 _aPigna, Felipe
_edir.
245 1 0 _aHistoria Argentina 1955 - 1973 :
_bprocesos socioeconómicos, políticos y culturales
260 _aBuenos Aires :
_bDiana,
_c1998.
300 _aVHS (70 min.) : son., col.
505 0 _aGuión: Carlos Mora, Marta Dino ; narración: Edgardo Pérez Morán ; asistencia: Natalia Incolla Garay, Sol Povarchik ; guión: Marta Dino, distribución: Mauro Ariel González ; colaboración: Karina Solano ; edición: Martín Gaztelu. - Se acompaña con una guía de trabajo, inventario Nº 12520
520 _aContenido: Revolución libertadora; El rock & Roll; Kennedy; Frondizi; El club del Ckan; la revolución cubana; Juan XXIII; Marilyn Monroe; Vietnam; Los Beatles; La noche de los bastanos largos; Onganía; El Che Guevara; Perón Vuelve; el cordobaso; la guerrilla; Isabel; el Rodrigazo; Videla.
650 4 _aANALISIS HISTORICO
650 4 _aASPECTOS POLITICOS
650 4 _aCONFLICTOS ARMADOS
650 4 _aCULTURA
650 4 _aESTADOS UNIDOS
650 4 _aHISTORIA
650 4 _aMOVIMIENTOS DE LIBERACION NACIONAL
650 4 _aPOLITICOS
650 4 _aPROBLEMAS SOCIALES
651 4 _aArgentina
653 _aVIDEOS
653 _aVIDEOS DIDACTICOS
710 2 _aEscuela Superior de Comercio Carlos Pellegrini (Buenos Aires)
710 2 _aUniversidad de Buenos Aires
905 _a13523
942 _cVIDEO
999 _c54632
_d54632